000 00571nam a2200193Ia 4500
999 _c6991
_d6991
003 OSt
005 20200120104020.0
008 190216s9999||||xx |||||||||||||| ||und||
020 _a9780070598560
040 _coclc
082 _a658
_bWEI/M
100 _aWeihrich, Heinz
_91269
245 0 _aManagement A Global Prespective /
_cHeinz Weihrich ; Harold Koontz
250 _a11th ed.
260 _bTata Mcgrawhill Publishers,
_aNew Delhi:
_c2005.
300 _a600p
700 _91318
_aKoontz, Harold
942 _cBK
_2ddc
_h658
_iWEI/M
_k658
_mWEI/M